Statystyki dla Rozpoznaj kraj po losowym mieście - dla kolegi Ignacego

Kliknij tutaj aby rozwiązać quiz!

Ogólne statystyki

  • Ten quiz został rozwiązany 844 razy
  • Średni wynik to 8 z 15

Statystyki odpowiedzi

miastopaństwo% Poprawnych
Lidzbark WarmińskiPolska
97%
La CorunaHiszpania
82%
SaporroJaponia
75%
San AntonioStany Zjednoczone
75%
Porto AlegreBrazylia
71%
BergenNorwegia
70%
MedynaArabia Saudyjska
58%
CalgaryKanada
56%
MedellinKolumbia
54%
RosarioArgentyna
48%
MonterreyMeksyk
47%
RavennaWłochy
44%
KoperSłowenia
30%
DurbanRepublika Południowej Afryki
18%
AkranesIslandia
8%

Rozkład punktacji

Percentyl według liczby udzielonych odpowiedzi

Procent ludzi z każdym wynikiem

Twoja historia wyników

Nie rozwiązałeś tego quizu